[Event "SVK-ch U16"]
[Site "Tatralandia"]
[Date "2024.04.11"]
[Round "8"]
[White "Vargosko, Juraj"]
[Black "Benci, Jozef1"]
[Result "0-1"]
[WhiteElo "1936"]
[BlackElo "2040"]
[PlyCount "94"]
[EventDate "2024.04.05"]
[EventType "swiss"]
[EventRounds "9"]
[EventCountry "SVK"]
[SourceTitle "CB16_2024"]
[SourceDate "2024.04.17"]
[SourceVersion "1"]
[SourceVersionDate "2024.04.17"]
[SourceQuality "1"]

1. c4 e6 2. Nc3 Bb4 3. g3 f5 4. Bg2 Nf6 5. Qb3 Bxc3 6. bxc3 Nc6 7. d4 d6 8. Ba3 0-0 9. e3 Ne4 10. Ne2 Rf7 11. 0-0 Nd2 12. Qb2 Nxf1 13. Rxf1 g5 14. f4 h6 15. d5 Ne7 16. fxg5 hxg5 17. dxe6 Bxe6 18. Qxb7 Rb8 19. Qxa7 Bxc4 20. Re1 Bd5 21. Qd4 Bxg2 22. Kxg2 Ra8 23. Bc1 Rxa2 24. e4 Qa8 25. Bxg5 Qxe4+ 26. Kf1 Qh1+ 27. Qg1 Qf3+ 28. Qf2 Qh1+ 29. Qg1 Qe4 30. Qe3 Qxe3 31. Bxe3 Nd5 32. Bg5 Rf8 33. h4 Re8 34. c4 Ne3+ 35. Bxe3 Rxe3 36. h5 Rf3+ 37. Kg2 Re3 38. Kf1 Re4 39. Nc3 Rxe1+ 40. Kxe1 Rc2 41. Nd5 Rxc4 42. Ne7+ Kh7 43. Nxf5 Rg4 44. Kf2 Rg5 45. Nd4 Rxh5 46. Ne6 Rf5+ 47. Ke3 Re5+ 0-1

[Event "SVK-ch U16"]
[Site "Tatralandia"]
[Date "2024.04.09"]
[Round "6"]
[White "Hozlar, Michal"]
[Black "Vargosko, Juraj"]
[Result "0-1"]
[WhiteElo "1696"]
[BlackElo "1936"]
[PlyCount "52"]
[EventDate "2024.04.05"]
[EventType "swiss"]
[EventRounds "9"]
[EventCountry "SVK"]
[SourceTitle "CB16_2024"]
[SourceDate "2024.04.17"]
[SourceVersion "1"]
[SourceVersionDate "2024.04.17"]
[SourceQuality "1"]

1. e4 c5 2. Nf3 Nc6 3. d4 cxd4 4. Nxd4 g6 5. c4 Bg7 6. Be3 Nf6 7. Nc3 Ng4 8. Qxg4 Nxd4 9. Qd1 e5 10. Be2 0-0 11. 0-0 d6 12. Qd2 Be6 13. Rfd1 Rc8 14. b3 a6 15. f3 b5 16. Nd5 Bxd5 17. exd5 bxc4 18. Bxd4 exd4 19. Bxc4 Qb6 20. Rac1 Rfe8 21. Re1 Re3 22. Bd3 Rc3 23. Be4 f5 24. Bb1 Bh6 25. Qd1 Rxe1+ 26. Qxe1 Rxc1 0-1

[Event "SVK-ch U16"]
[Site "Tatralandia"]
[Date "2024.04.07"]
[Round "3"]
[White "Vargosko, Juraj"]
[Black "Libich, Oliver1"]
[Result "1-0"]
[WhiteElo "1936"]
[BlackElo "1857"]
[PlyCount "66"]
[EventDate "2024.04.05"]
[EventType "swiss"]
[EventRounds "9"]
[EventCountry "SVK"]
[SourceTitle "CB16_2024"]
[SourceDate "2024.04.17"]
[SourceVersion "1"]
[SourceVersionDate "2024.04.17"]
[SourceQuality "1"]

1. e4 e5 2. Nc3 Nc6 3. Bc4 Nf6 4. d3 Be7 5. f4 d6 6. Nf3 a6 7. 0-0 0-0 8. h3 exf4 9. Bxf4 Be6 10. Bb3 Nd7 11. Qd2 Nc5 12. d4 Nxb3 13. axb3 Na7 14. d5 Bd7 15. Ne2 Re8 16. c4 Bf6 17. Ng3 Nc8 18. Rae1 Be5 19. Nxe5 dxe5 20. Bh6 Qh4 21. Bg5 Qxg3 22. Rf3 Qxf3 23. gxf3 f6 24. Be3 Nd6 25. c5 Nb5 26. f4 Rf8 27. f5 g6 28. Bh6 Rf7 29. Qg2 Kh8 30. Re3 gxf5 31. Rg3 f4 32. Bg7+ Kg8 33. Bxf6+ fxg3 1-0

[Event "SVK-ch U16"]
[Site "Tatralandia"]
[Date "2024.04.06"]
[Round "2"]
[White "Krivosik, Matus"]
[Black "Vargosko, Juraj"]
[Result "1/2-1/2"]
[WhiteElo "1782"]
[BlackElo "1936"]
[PlyCount "103"]
[EventDate "2024.04.05"]
[EventType "swiss"]
[EventRounds "9"]
[EventCountry "SVK"]
[SourceTitle "CB16_2024"]
[SourceDate "2024.04.17"]
[SourceVersion "1"]
[SourceVersionDate "2024.04.17"]
[SourceQuality "1"]

1. c4 e5 2. g3 Nc6 3. Bg2 d6 4. Nc3 Be6 5. d3 Be7 6. e4 Bg5 7. Nge2 Bxc1 8. Rxc1 Qd7 9. Nd5 Nge7 10. f4 f5 11. 0-0 0-0 12. g4 fxe4 13. Nxe7+ Qxe7 14. f5 exd3 15. Qxd3 Bd7 16. Bd5+ Kh8 17. Ng3 Qg5 18. h3 Nd4 19. Ne4 Bxf5 20. Qxd4 Qxc1 21. Rxc1 exd4 22. gxf5 Rxf5 23. Rd1 Raf8 24. Rxd4 c6 25. Nxd6 Rf1+ 26. Kh2 cxd5 27. cxd5 R1f2+ 28. Kg3 Rxb2 29. Ne4 h6 30. d6 Rd8 31. Nc5 Rb6 32. d7 Kg8 33. Kf4 Kf7 34. Ke5 Rb5 35. Kd6 Rxc5 36. Kxc5 Ke6 37. Ra4 Kxd7 38. Rxa7 Kc7 39. Ra3 b6+ 40. Kb5 Rd5+ 41. Kc4 Ra5 42. Rf3 Kd6 43. a3 Ke6 44. Kb4 g5 45. Rf8 h5 46. Rb8 Re5 47. Rxb6+ Kf5 48. Rh6 Re4+ 49. Kb5 Re5+ 50. Kb4 Re4+ 51. Kb5 Re5+ 52. Kb4 1/2-1/2

[Event "SVK-ch U14"]
[Site "Stara Lubovna"]
[Date "2022.05.25"]
[Round "6"]
[White "Vargosko, Juraj"]
[Black "Elias, David"]
[Result "1/2-1/2"]
[WhiteElo "1640"]
[BlackElo "1901"]
[PlyCount "111"]
[EventDate "2022.05.21"]
[EventType "swiss"]
[EventRounds "9"]
[EventCountry "SVK"]
[SourceTitle "CBM 208 Extra"]
[Source "ChessBase"]
[SourceDate "2022.07.31"]
[SourceVersion "1"]
[SourceVersionDate "2022.07.31"]
[SourceQuality "1"]

1. d4 Nf6 2. c4 g6 3. Nc3 Bg7 4. e4 d6 5. f3 0-0 6. Be3 Na6 7. Bd3 c5 8. Nge2 Bd7 9. Rb1 Qa5 10. 0-0 cxd4 11. Nxd4 Rfc8 12. a3 Qh5 13. b4 Nc7 14. Qd2 Ne6 15. Nce2 Nxd4 16. Nxd4 a6 17. Rfc1 g5 18. Ne2 h6 19. Ng3 Qh4 20. Ne2 e5 21. g4 Bxg4 22. fxg4 Qxg4+ 23. Ng3 b5 24. c5 dxc5 25. Rxc5 Rd8 26. Qe2 h5 27. Rc3 h4 28. Qxg4 Nxg4 29. Nf5 Bf6 30. h3 Nxe3 31. Nxe3 Rac8 32. Rxc8 Rxc8 33. Nd5 Bd8 34. Kg2 f6 35. Kf3 Kf7 36. Ke3 Ke6 37. Kd2 f5 38. Ne3 f4 39. Ng4 Be7 40. Rc1 Rxc1 41. Kxc1 Bd6 42. Kd1 Kd7 43. Kc2 Kc6 44. Kb3 Kb6 45. Be2 Bc7 46. Nf2 a5 47. a4 axb4 48. axb5 Kc5 49. Ng4 Kd4 50. Bf3 Kc5 51. Nh6 Kxb5 52. Nf7 Kc5 53. Nxg5 Kd4 54. Bg2 Ke3 55. Kxb4 Bd8 56. Nf3 1/2-1/2

[Event "SVK-ch U14"]
[Site "Stara Lubovna"]
[Date "2022.05.24"]
[Round "5"]
[White "Visvader, Kristof"]
[Black "Vargosko, Juraj"]
[Result "0-1"]
[WhiteElo "1607"]
[BlackElo "1640"]
[PlyCount "50"]
[EventDate "2022.05.21"]
[EventType "swiss"]
[EventRounds "9"]
[EventCountry "SVK"]
[SourceTitle "CBM 208 Extra"]
[Source "ChessBase"]
[SourceDate "2022.07.31"]
[SourceVersion "1"]
[SourceVersionDate "2022.07.31"]
[SourceQuality "1"]

1. d4 Nf6 2. c4 e6 3. Nc3 d5 4. Bg5 c6 5. e3 Nbd7 6. Qc2 Bb4 7. cxd5 exd5 8. Bd3 h6 9. Bh4 0-0 10. Nge2 Re8 11. 0-0 Nf8 12. Rae1 Bd6 13. Qd2 Bxh2+ 14. Kxh2 Ng4+ 15. Kg3 g5 16. f3 gxh4+ 17. Kh3 Nxe3+ 18. Kh2 Qg5 19. Nf4 Qxf4+ 20. Kg1 h3 21. Rf2 hxg2 22. Rxg2+ Kh8 23. Rh2 Qg3+ 24. Kh1 Qxf3+ 25. Kg1 h5 0-1

[Event "Lesnica Pieniny op"]
[Site "Lesnica"]
[Date "2022.04.08"]
[Round "1"]
[White "Skreno, Vladimir"]
[Black "Vargosko, Juraj"]
[Result "1-0"]
[WhiteElo "2101"]
[BlackElo "1663"]
[PlyCount "161"]
[EventDate "2022.04.08"]
[EventType "swiss"]
[EventRounds "7"]
[EventCountry "SVK"]
[SourceTitle "CBM 207 Extra"]
[Source "ChessBase"]
[SourceDate "2022.05.31"]
[SourceVersion "1"]
[SourceVersionDate "2022.05.31"]
[SourceQuality "1"]

1. d4 Nf6 2. Nf3 d5 3. c4 e6 4. Bg5 Be7 5. e3 c6 6. Bxf6 Bxf6 7. cxd5 exd5 8. Nc3 Bf5 9. Rc1 Qb6 10. Qd2 Nd7 11. Be2 0-0 12. 0-0 Rfe8 13. a3 a5 14. Na4 Qc7 15. Ne1 Be7 16. Nd3 Bd6 17. g3 Nf6 18. Nc3 Qe7 19. Rfe1 h5 20. Bf1 h4 21. Bg2 Ng4 22. e4 dxe4 23. Nxe4 hxg3 24. hxg3 Qd8 25. Ndc5 Bxc5 26. Nxc5 Qb6 27. Qf4 Nh6 28. b3 Rad8 29. Re5 Rxe5 30. Qxe5 Bg6 31. Bh3 Rd5 32. Qe8+ Kh7 33. Nd7 Rxd7 34. Qxd7 Qxb3 35. Re1 Qc3 36. Re3 Qc1+ 37. Kg2 Qb1 38. Qe7 Qb2 39. Qe5 Qb1 40. g4 Bd3 41. Re1 Qc2 42. Qf4 f6 43. g5 fxg5 44. Qxg5 Be4+ 45. Kg1 Qd3 46. Qe3 Bg6 47. Qxd3 Bxd3 48. Re3 Bc4 49. Rc3 Bd5 50. Bg2 Bxg2 51. Kxg2 Nf5 52. d5 cxd5 53. Rc5 Nd6 54. Rxd5 Nc4 55. a4 Kg6 56. Rc5 Nb2 57. Rxa5 b6 58. Ra6 Kf5 59. Kg3 g6 60. f3 Kg5 61. Ra7 Kf5 62. Ra6 Kg5 63. Kf2 Kf5 64. Ke3 g5 65. Ra8 Ke5 66. Ra6 Kf5 67. Ke2 Ke5 68. a5 bxa5 69. Rxa5+ Kf4 70. Ra2 Nd3 71. Kxd3 Kxf3 72. Ra5 g4 73. Rf5+ Kg2 74. Ke2 g3 75. Rh5 Kg1 76. Kf3 g2 77. Ra5 Kh1 78. Rh5+ Kg1 79. Rg5 Kh1 80. Kf2 Kh2 81. Rh5# 1-0

[Event "SVK-chT2D 2122"]
[Site "Slovakia"]
[Date "2021.10.16"]
[Round "1.4"]
[White "Vargosko, Juraj"]
[Black "Tauber, Marek"]
[Result "1/2-1/2"]
[WhiteElo "1717"]
[BlackElo "2049"]
[PlyCount "92"]
[EventDate "2021.10.16"]
[EventType "team-tourn"]
[EventRounds "11"]
[EventCountry "SVK"]
[SourceTitle "EXT 2023"]
[Source "ChessBase"]
[SourceDate "2022.10.05"]
[SourceVersion "1"]
[SourceVersionDate "2022.10.05"]
[SourceQuality "1"]
[WhiteTeam "Presov Slavia PU"]
[BlackTeam "Spisska Nova Ves"]
[WhiteTeamCountry "SVK"]
[BlackTeamCountry "SVK"]

1. e4 c5 2. Nf3 Nc6 3. d4 cxd4 4. Nxd4 e5 5. Nb5 a6 6. Nd6+ Bxd6 7. Qxd6 Qf6 8. Qd1 Qg6 9. Nc3 Nge7 10. Be3 d5 11. Nxd5 Nxd5 12. Qxd5 Be6 13. Qd2 Qxe4 14. Bd3 Qd5 15. 0-0 e4 16. Be2 Qxd2 17. Bxd2 Rd8 18. Bc3 Nd4 19. Bxd4 Rxd4 20. Rfd1 Rxd1+ 21. Rxd1 Ke7 22. Rd4 f5 23. a4 a5 24. Bc4 Rc8 25. Bxe6 Kxe6 26. c3 Rc6 27. Kf1 g5 28. g4 b6 29. Kg2 Ke5 30. gxf5 Kxf5 31. Kg3 h5 32. Rd5+ Kf6 33. h4 gxh4+ 34. Kxh4 Rc4 35. Kxh5 Rxa4 36. Rd6+ Ke5 37. Rxb6 Ra1 38. Rb5+ Kf4 39. Kg6 a4 40. Kf6 a3 41. bxa3 Rxa3 42. Rf5+ Kg4 43. Re5 Rxc3 44. Rxe4+ Kf3 45. Re3+ Rxe3 46. fxe3 Kxe3 1/2-1/2

[Event "SVK-ch U14"]
[Site "Stara Lubovna"]
[Date "2021.07.01"]
[Round "7"]
[White "Vargosko, Juraj"]
[Black "Lanza, Matej"]
[Result "1-0"]
[WhiteElo "1679"]
[BlackElo "1099"]
[PlyCount "83"]
[EventDate "2021.06.26"]
[EventType "swiss"]
[EventRounds "9"]
[EventCountry "SVK"]
[SourceTitle "CBM 203 Extra"]
[Source "ChessBase"]
[SourceDate "2021.09.30"]
[SourceVersion "1"]
[SourceVersionDate "2021.09.30"]
[SourceQuality "1"]

1. e4 e5 2. Nc3 Nc6 3. Bc4 Nf6 4. d3 Bc5 5. Bg5 h6 6. Bh4 d6 7. Nge2 0-0 8. Nd5 Kh8 9. Nxf6 gxf6 10. Qd2 Kh7 11. f4 Rg8 12. Bxf7 Rg7 13. Bh5 Qf8 14. f5 Ne7 15. 0-0-0 Bd7 16. Bf3 Qf7 17. Kb1 Rag8 18. Ng3 Kh8 19. Qxh6+ Rh7 20. Bxf6+ Rgg7 21. Bxg7+ Qxg7 22. Qxg7+ Rxg7 23. f6 Rf7 24. fxe7 Rxe7 25. Nf5 Bxf5 26. exf5 Rf7 27. g4 Kg7 28. Bd5 Rf6 29. h4 Be3 30. Rh3 Bf4 31. Be6 Rf8 32. g5 Kh8 33. Rf1 a5 34. Rxf4 exf4 35. Rf3 c5 36. Rxf4 b5 37. Kc1 b4 38. g6 Kg7 39. Bf7 Kf6 40. Kd2 Rh8 41. Rg4 Kg7 42. f6+ 1-0

[Event "SVK-ch U14"]
[Site "Stara Lubovna"]
[Date "2021.06.29"]
[Round "5"]
[White "Vargosko, Juraj"]
[Black "Cerven, Samuel"]
[Result "0-1"]
[WhiteElo "1679"]
[BlackElo "1342"]
[PlyCount "106"]
[EventDate "2021.06.26"]
[EventType "swiss"]
[EventRounds "9"]
[EventCountry "SVK"]
[SourceTitle "CBM 203 Extra"]
[Source "ChessBase"]
[SourceDate "2021.09.30"]
[SourceVersion "1"]
[SourceVersionDate "2021.09.30"]
[SourceQuality "1"]

1. e4 e5 2. Nf3 Nc6 3. Bb5 a6 4. Ba4 Nf6 5. 0-0 Nxe4 6. d4 exd4 7. Re1 d5 8. Nxd4 Bd6 9. Nxc6 Bxh2+ 10. Kf1 Qh4 11. Be3 0-0 12. Nd4 Bd6 13. Ke2 c5 14. Nf3 Qg4 15. c3 b5 16. Bc2 Bb7 17. Nbd2 Rad8 18. Kf1 d4 19. Bxe4 Bxe4 20. Nxe4 Qxe4 21. cxd4 cxd4 22. Qxd4 Qb7 23. Rad1 Bc7 24. Qg4 Qc6 25. Rc1 Qd6 26. Red1 Qe7 27. Rxd8 Rxd8 28. Nd4 Qd6 29. Nf5 Qd3+ 30. Kg1 Be5 31. g3 Bxb2 32. Bd4 Bxd4 33. Nxd4 g6 34. Nf3 Qa3 35. Qf4 Qxa2 36. Rc7 Qe6 37. Ng5 Rd1+ 38. Kg2 Qd5+ 39. Nf3 Qe6 40. Rb7 Rd7 41. Rb8+ Kg7 42. Ra8 Rb7 43. Qd4+ f6 44. Qd8 Kh6 45. Qf8+ Kh5 46. Re8 Qc6 47. Re6 Qxe6 48. Qc5+ g5 49. Qd4 Rd7 50. Qc3 Kg6 51. Qc2+ Kg7 52. Qb2 Qd5 53. Qc3 g4 0-1

[Event "SVK-ch U14"]
[Site "Stara Lubovna"]
[Date "2021.06.28"]
[Round "4"]
[White "Madlenak, Matus"]
[Black "Vargosko, Juraj"]
[Result "0-1"]
[WhiteElo "1014"]
[BlackElo "1679"]
[PlyCount "48"]
[EventDate "2021.06.26"]
[EventType "swiss"]
[EventRounds "9"]
[EventCountry "SVK"]
[SourceTitle "CBM 203 Extra"]
[Source "ChessBase"]
[SourceDate "2021.09.30"]
[SourceVersion "1"]
[SourceVersionDate "2021.09.30"]
[SourceQuality "1"]

1. e4 d6 2. Nf3 Nf6 3. Nc3 g6 4. Bc4 Bg7 5. 0-0 Nxe4 6. Nxe4 d5 7. Bd3 dxe4 8. Bxe4 0-0 9. d4 Nd7 10. Bf4 Nf6 11. Bd3 b6 12. Be5 Bb7 13. Re1 Rc8 14. c4 e6 15. Ng5 Nh5 16. Bxg7 Qxg5 17. Be4 Bxe4 18. Rxe4 Nxg7 19. d5 exd5 20. cxd5 Rfd8 21. Rd4 Qe5 22. Qd2 Nf5 23. Re1 Qxd4 24. Qxd4 Nxd4 0-1

[Event "SVK League Cup 1st"]
[Site "Tornelo INT"]
[Date "2021.04.10"]
[Round "5"]
[White "Vargosko, Juraj"]
[Black "Pekar, Karol"]
[Result "0-1"]
[WhiteElo "1679"]
[BlackElo "2114"]
[PlyCount "56"]
[EventDate "2021.03.27"]
[EventType "swiss"]
[EventRounds "8"]
[EventCountry "SVK"]
[SourceTitle "EXT 2022"]
[Source "ChessBase"]
[SourceDate "2021.10.06"]
[SourceVersion "1"]
[SourceVersionDate "2021.10.06"]
[SourceQuality "1"]

1. d4 Nf6 2. c4 c5 3. e3 g6 4. Nf3 Bg7 5. Nc3 cxd4 6. exd4 0-0 7. Be2 d6 8. 0-0 Nbd7 9. b4 a5 10. b5 Qc7 11. Ba3 Re8 12. Rc1 b6 13. Qc2 Bb7 14. Na4 Be4 15. Bd3 Bxf3 16. gxf3 e5 17. c5 dxc5 18. dxc5 bxc5 19. Nxc5 Bh6 20. Nxd7 Qxd7 21. Rb1 Qh3 22. Bc1 Rac8 23. Qb3 Rxc1 24. Rfxc1 Bf4 25. Rc4 Bxh2+ 26. Kh1 Bg3+ 27. Kg1 Qh2+ 28. Kf1 Qxf2# 0-1

[Event "Nizami Ganjavi 880 years U17"]
[Site "Tornelo INT"]
[Date "2021.04.02"]
[Round "2.7"]
[White "Vargosko, Juraj"]
[Black "Maklakova, Naomi"]
[Result "0-1"]
[WhiteElo "1679"]
[BlackElo "1372"]
[PlyCount "112"]
[EventDate "2021.04.02"]
[EventType "team-swiss (blitz)"]
[EventRounds "9"]
[EventCountry "AZE"]
[SourceTitle "EXT 2023"]
[Source "ChessBase"]
[SourceDate "2022.10.05"]
[SourceVersion "1"]
[SourceVersionDate "2022.10.05"]
[SourceQuality "1"]
[WhiteTeam "Slovakia"]
[BlackTeam "Latvia"]
[WhiteTeamCountry "SVK"]
[BlackTeamCountry "LAT"]

1. d4 d5 2. c4 c6 3. Nc3 Bf5 4. Nf3 e6 5. e3 Nf6 6. a3 Bd6 7. cxd5 exd5 8. Bd3 Bg6 9. 0-0 Ne4 10. Bxe4 dxe4 11. Ne5 Bxe5 12. dxe5 0-0 13. Qg4 Qe7 14. Nxe4 Qxe5 15. Nc3 Bf5 16. Qe2 Nd7 17. e4 Be6 18. f4 Qa5 19. Be3 Nf6 20. b4 Qh5 21. Qxh5 Nxh5 22. e5 g6 23. Bc5 Rfd8 24. Ne4 b6 25. Bd6 Bd5 26. Nc3 Bc4 27. Rf2 Ng7 28. g4 Ne8 29. Be7 Rd7 30. Bh4 Rd3 31. Ne4 Bd5 32. Nf6+ Nxf6 33. Bxf6 Re8 34. Rff1 Bf3 35. Kf2 Bxg4 36. Rg1 Bf5 37. Rg3 Rd2+ 38. Kg1 h5 39. Rg2 Rd3 40. Kf1 Bh3 41. Kg1 Bxg2 42. Kxg2 Rc8 43. Kf2 Rd2+ 44. Kg3 c5 45. Rc1 Rd3+ 46. Kg2 Rxa3 47. bxc5 Rxc5 48. Rd1 Rc8 49. Kf2 Ra2+ 50. Kg1 b5 51. h4 b4 52. Kf1 a5 53. Be7 b3 54. Rb1 a4 55. Bb4 b2 56. Ke2 Rc1 0-1

[Event "Online Friendship U12"]
[Site "Tornelo INT"]
[Date "2020.11.21"]
[Round "6.1"]
[White "Dumanuly, Sultanbeibarys"]
[Black "Vargosko, Juraj"]
[Result "1-0"]
[WhiteElo "1286"]
[BlackElo "1450"]
[PlyCount "73"]
[EventDate "2020.11.21"]
[EventType "team-swiss"]
[EventRounds "7"]
[EventCountry "BLR"]
[SourceTitle "CBM 199 Extra"]
[Source "ChessBase"]
[SourceDate "2021.01.31"]
[SourceVersion "1"]
[SourceVersionDate "2021.01.31"]
[SourceQuality "1"]
[WhiteTeam "Kazakhstan"]
[BlackTeam "Slovakia"]
[WhiteTeamCountry "KAZ"]
[BlackTeamCountry "SVK"]

1. c4 Nf6 2. g3 e6 3. Bg2 d5 4. Nf3 c6 5. 0-0 Nbd7 6. d4 dxc4 7. Qc2 Nb6 8. Nbd2 Bd6 9. Nxc4 Nxc4 10. Qxc4 0-0 11. Qc2 Qb6 12. e4 Bc7 13. Bg5 Nd7 14. Be3 Qb5 15. a4 Qb4 16. d5 exd5 17. exd5 c5 18. Ng5 g6 19. Rad1 Be5 20. b3 Bd4 21. Bxd4 cxd4 22. Nf3 Nc5 23. Rxd4 Qb6 24. a5 Qb5 25. b4 Na6 26. Qe4 Bf5 27. Qh4 f6 28. Re1 Qa4 29. g4 Bd7 30. Re7 Rf7 31. Rxf7 Kxf7 32. Qxh7+ Ke8 33. Qxg6+ Kd8 34. Qxf6+ Kc7 35. Rc4+ Kb8 36. Qd6+ Nc7 37. Qxc7# 1-0

[Event "Online Friendship U12"]
[Site "Tornelo INT"]
[Date "2020.11.21"]
[Round "1.1"]
[White "Vargosko, Juraj"]
[Black "Sarafis, Rafail"]
[Result "0-1"]
[WhiteElo "1450"]
[BlackElo "1354"]
[PlyCount "68"]
[EventDate "2020.11.21"]
[EventType "team-swiss"]
[EventRounds "7"]
[EventCountry "BLR"]
[SourceTitle "CBM 199 Extra"]
[Source "ChessBase"]
[SourceDate "2021.01.31"]
[SourceVersion "1"]
[SourceVersionDate "2021.01.31"]
[SourceQuality "1"]
[WhiteTeam "Slovakia"]
[BlackTeam "Greece Chania Academy"]
[WhiteTeamCountry "SVK"]
[BlackTeamCountry "GRE"]

1. e4 c6 2. d4 d5 3. e5 Bf5 4. Be3 e6 5. Nf3 h6 6. c4 dxc4 7. Bxc4 Ne7 8. 0-0 Nd5 9. Nc3 Nd7 10. Re1 N7b6 11. Bd3 Bxd3 12. Qxd3 Be7 13. Rac1 0-0 14. Nd2 Bg5 15. Nc4 Nxc4 16. Qxc4 Rc8 17. Nxd5 cxd5 18. Qd3 Bxe3 19. Qxe3 Qg5 20. f4 Qe7 21. Rf1 Qb4 22. b3 Rc6 23. Rxc6 bxc6 24. Rc1 Rc8 25. Qc3 Qxc3 26. Rxc3 Kf8 27. b4 Ke7 28. b5 Kd7 29. Rc2 cxb5 30. Rd2 Rc4 31. Kf2 Kc6 32. g4 a5 33. f5 Kd7 34. h4 Rc3 0-1

[Event "Online Friendship U12"]
[Site "Tornelo INT"]
[Date "2020.11.21"]
[Round "7.1"]
[White "Vargosko, Juraj"]
[Black "Urivskiy, Arseniy A"]
[Result "1-0"]
[WhiteElo "1450"]
[BlackElo "1444"]
[PlyCount "135"]
[EventDate "2020.11.21"]
[EventType "team-swiss"]
[EventRounds "7"]
[EventCountry "BLR"]
[SourceTitle "CBM 199 Extra"]
[Source "ChessBase"]
[SourceDate "2021.01.31"]
[SourceVersion "1"]
[SourceVersionDate "2021.01.31"]
[SourceQuality "1"]
[WhiteTeam "Slovakia"]
[BlackTeam "Russia Chess School"]
[WhiteTeamCountry "SVK"]
[BlackTeamCountry "RUS"]

1. e4 e5 2. Nf3 Nc6 3. Bb5 a6 4. Ba4 Nf6 5. 0-0 Be7 6. c3 b5 7. Bb3 d6 8. Re1 Na5 9. Bc2 c5 10. h3 0-0 11. d3 Qc7 12. Nbd2 Bb7 13. Nf1 Rfe8 14. Ng3 g6 15. Bh6 Bf8 16. Qd2 Bg7 17. Bxg7 Kxg7 18. Nf5+ Kh8 19. Qh6 Rg8 20. Ng3 Qd8 21. Qe3 Nc6 22. d4 cxd4 23. cxd4 Kg7 24. dxe5 Nxe5 25. Nxe5 dxe5 26. Rad1 Qc7 27. Bb3 Rgd8 28. Rc1 Qe7 29. Qg5 Kh8 30. h4 Rd7 31. Rc3 Ng8 32. Qxe7 Rxe7 33. Rf3 Kg7 34. h5 h6 35. hxg6 fxg6 36. Rd3 Nf6 37. Rd6 h5 38. Bd5 Bxd5 39. exd5 Rd7 40. Rxd7+ Nxd7 41. Ne4 Nf6 42. f3 Nxd5 43. Nd6 Rd8 44. Nb7 Kf6 45. Nxd8 Nf4 46. Nc6 Nd3 47. Re2 Ke6 48. b3 Kd6 49. Nb8 a5 50. Rd2 Kc7 51. Na6+ Kb7 52. Rxd3 Kxa6 53. Rd6+ Kb7 54. Rxg6 b4 55. Kf2 h4 56. Rh6 e4 57. fxe4 Ka7 58. Rxh4 Kb6 59. Rh5 a4 60. bxa4 b3 61. axb3 Ka6 62. g4 Kb6 63. g5 Kc5 64. g6+ Kb4 65. g7 Kxb3 66. g8Q+ Kxa4 67. Qb8 Ka3 68. Ra5# 1-0

[Event "SVK-ch U12"]
[Site "Liptovsky Mikulas"]
[Date "2019.04.25"]
[Round "4"]
[White "Musaev, Matej Elbek"]
[Black "Vargosko, Juraj"]
[Result "1-0"]
[WhiteElo "1777"]
[BlackElo "1562"]
[PlyCount "57"]
[EventDate "2019.04.23"]
[EventType "swiss"]
[EventRounds "9"]
[EventCountry "SVK"]
[SourceTitle "CBM 190 Extra"]
[Source "ChessBase"]
[SourceDate "2019.07.15"]
[SourceVersion "1"]
[SourceVersionDate "2019.07.15"]
[SourceQuality "1"]

1. e4 e5 2. Nf3 Nc6 3. Bb5 a6 4. Ba4 d6 5. 0-0 Nf6 6. Re1 Be7 7. c3 0-0 8. h3 b5 9. Bc2 Be6 10. a3 a5 11. d4 exd4 12. cxd4 d5 13. e5 Ne4 14. Nc3 Nxc3 15. bxc3 g6 16. Bh6 Re8 17. Rb1 Rb8 18. Qc1 Qd7 19. Bg5 Bf8 20. Nh4 b4 21. f4 bxc3 22. Rxb8 Rxb8 23. f5 Bxf5 24. Nxf5 gxf5 25. Bf6 Ne7 26. Qg5+ Ng6 27. Bxf5 Qa4 28. e6 h6 29. exf7+ 1-0

[Event "SVK-ch U10"]
[Site "Liptovsky Mikulas"]
[Date "2018.04.22"]
[Round "3"]
[White "Vargosko, Juraj"]
[Black "Balusik, Branislav"]
[Result "1-0"]
[WhiteElo "1504"]
[BlackElo "1161"]
[PlyCount "67"]
[EventDate "2018.04.21"]
[EventType "swiss"]
[EventRounds "9"]
[EventCountry "SVK"]
[SourceTitle "CBM 184 Extra"]
[Source "ChessBase"]
[SourceDate "2018.06.28"]
[SourceVersion "1"]
[SourceVersionDate "2018.06.28"]
[SourceQuality "1"]

1. e4 e5 2. Nf3 Nc6 3. Bb5 a6 4. Bxc6 dxc6 5. Nc3 Bd6 6. d4 f6 7. dxe5 fxe5 8. Be3 Bg4 9. h3 Bh5 10. Qe2 Nf6 11. 0-0-0 0-0 12. g4 Bg6 13. Bg5 Qe7 14. Nh4 Bf7 15. Nf5 Qe6 16. Kb1 Bb4 17. Bxf6 Qxf6 18. Qe3 Qe6 19. b3 c5 20. Nd5 Qd7 21. Nde7+ Qxe7 22. Nxe7+ Kh8 23. Nd5 Bxd5 24. exd5 Rad8 25. Qxe5 Rd7 26. d6 cxd6 27. Rxd6 Rxd6 28. Qxd6 Re8 29. Qd7 Rf8 30. Rd1 h6 31. Qe7 Kg8 32. Rd7 Rf7 33. Qxf7+ Kh7 34. Qxg7# 1-0

[Event "SVK-ch U10"]
[Site "Liptovsky Mikulas"]
[Date "2017.04.28"]
[Round "9"]
[White "Polomsky, Tomas"]
[Black "Vargosko, Juraj"]
[Result "1-0"]
[WhiteElo "1252"]
[BlackElo "1362"]
[PlyCount "91"]
[EventDate "2017.04.22"]
[EventType "swiss"]
[EventRounds "9"]
[EventCountry "SVK"]
[SourceTitle "CBM 178 Extra"]
[Source "ChessBase"]
[SourceDate "2017.06.22"]
[SourceVersion "1"]
[SourceVersionDate "2017.06.22"]
[SourceQuality "1"]

1. e4 e5 2. Nf3 Nc6 3. Bb5 a6 4. Bxc6 dxc6 5. d4 exd4 6. Qxd4 Qxd4 7. Nxd4 Bd6 8. c3 Ne7 9. Be3 0-0 10. 0-0 f5 11. Nd2 f4 12. e5 Bxe5 13. N2f3 fxe3 14. Nxe5 exf2+ 15. Rxf2 Rxf2 16. Kxf2 Ng6 17. Re1 c5 18. Ndf3 Nxe5 19. Rxe5 b6 20. Ng5 Bb7 21. Re7 Bd5 22. a3 h6 23. Rd7 Rf8+ 24. Kg3 c6 25. Nf3 a5 26. a4 Bb3 27. Rb7 Bxa4 28. Rxb6 Bb5 29. b3 c4 30. bxc4 Bxc4 31. Rxc6 Bf7 32. Ra6 Rc8 33. Rxa5 Rxc3 34. Kh3 g5 35. Kg4 Rc4+ 36. Kf5 Kg7 37. Ra7 Rf4+ 38. Ke5 Rf6 39. Nd4 Rf2 40. Nf5+ Kg6 41. Ra6+ Kh7 42. Rxh6+ Kg8 43. Kf6 g4 44. Rh4 g3 45. Rg4+ Kf8 46. Rxg3 1-0